| 000 | 00970cam a22002531 4500 | ||
|---|---|---|---|
| 001 | 4752 | ||
| 003 | BD-RjUL | ||
| 005 | 20211208233941.0 | ||
| 008 | 160114s1962 nyua b 100 0 eng | ||
| 035 | _a(BD-RjUL)4787 | ||
| 040 |
_aDLC _cDLC _dDLC _dBD-RjUL _beng |
||
| 041 | _aeng | ||
| 082 | 0 | 0 |
_a301.435 _218 _bSOC 1962 |
| 110 | 2 |
_aInternational Association of Gerontology. _9105381 |
|
| 245 | 1 | 0 |
_aAging around the world : _bproceedings of the fifth congress of the International Association of Gerontology / _cJerome Kaplan. |
| 260 |
_a[New York : _bColumbia University Press, _cc1962. |
||
| 300 |
_a4 v. , 372 p. : _billus. ; _c24 cm. |
||
| 504 | _aIncludes bibliographies. | ||
| 505 | 0 | _a[1] Social and psychological aspects of aging.--[2] Social welfare of the aging.--[3] Biological aspects of aging.--[4] Medical and clinical aspects of aging. | |
| 650 | 0 |
_aGerontology _xCongresses. _914988 |
|
| 942 |
_2ddc _cBK |
||
| 999 |
_c4752 _d4752 |
||